| 000 | 00371nam a2200157 4500 | ||
|---|---|---|---|
| 020 | _a9789364874359 | ||
| 082 |
_aM3 _bRAJ/F |
||
| 100 | _aRajath R | ||
| 245 |
_aFriday forensic club/ _cby Rajath R |
||
| 260 |
_aKottayam: _bD C Books, _c2025. |
||
| 300 | _a159p. | ||
| 650 | _aNovel Malayalam | ||
| 650 | _aLiterature Malayalam | ||
| 650 | _aLiterature | ||
| 942 | _cBK | ||
| 999 |
_c181552 _d181552 |
||